00366nam a2200133Ia 4500008004100000041000800041082002000049100004000069245004100109260003400150300000800184502002300192999001700215230128s9999 xx 000 0 und d aeng aNAW PR0476bNAW aNawale Harshada - 2K1011249118927 aA Study of Skill Gap Analysis at CCI c2012bPune UniversityaNashik a60p cPantawane Nivedita c97225d97225